Concertación, democracia y la participación de las mujeres /
Uloženo v:
| Hlavní autor: | |
|---|---|
| Médium: | Text |
| Tagy: |
Přidat tag
Žádné tagy, Buďte první, kdo vytvoří štítek k tomuto záznamu!
|
MARC
| LEADER | 00000 a a2200000 04500 | ||
|---|---|---|---|
| 001 | 7412 | ||
| 003 | |||
| 040 | |||
| 100 | |a Sagot R, Montserrat | ||
| 245 | |a Concertación, democracia y la participación de las mujeres / |c Montserrat Sagot R | ||
| 773 | |g número 12; páginas 55-58 | ||
| 999 | |c 28707 |d 28707 | ||
